| 000 | 00336cam a22001097a 4500 | ||
|---|---|---|---|
| 008 | 180718b1972 xxu||||| |||| 00| 0 eng d | ||
| 082 | _aA75 K45C | ||
| 245 |
_aKerala district gazetteers: Cannore _cedited by A. Sreedhara Menon |
||
| 260 |
_aTrivandrum _bKerala District Gazetteers _c1972 |
||
| 300 | _a746+p. | ||
| 700 | _aMenon, A. Sreedhara | ||
| 999 |
_c487120 _d487120 |
||